[Event "Barbera del Valles op 42nd"]
[Site "Barbera del Valles"]
[Date "2019.07.07"]
[Round "4"]
[White "Alvarez Albiol, Victor"]
[Black "Bes Alvarez, Alex"]
[Result "1-0"]
[WhiteElo "2075"]
[BlackElo "1890"]
[PlyCount "49"]
[EventDate "2019.07.04"]
[EventType "swiss"]
[EventRounds "9"]
[EventCountry "ESP"]
[SourceTitle "CBM 191 Extra"]
[Source "ChessBase"]
[SourceDate "2019.09.30"]
[SourceVersion "1"]
[SourceVersionDate "2019.09.30"]
[SourceQuality "1"]

1. e4 c5 2. Nf3 a6 3. Nc3 b5 4. d4 cxd4 5. Nxd4 Bb7 6. Bd3 Nc6 7. Nxc6 Bxc6 8. 0-0 e6 9. Re1 Nf6 10. e5 Nd5 11. Nxd5 Bxd5 12. Qg4 Qa5 13. Bf4 Be7 14. Qxg7 0-0-0 15. Qxf7 Bb4 16. c3 Rdf8 17. cxb4 Qxb4 18. Rec1+ Kb8 19. Qxd7 Rxf4 20. Qc7+ Ka8 21. Qb6 Bb7 22. Rc7 Rb8 23. Rac1 Rff8 24. f3 Qxb2 25. Be4 1-0

[Event "Barbera del Valles op 42nd"]
[Site "Barbera del Valles"]
[Date "2019.07.04"]
[Round "1"]
[White "Bes Alvarez, Alex"]
[Black "Vehi Bach, Victor Manuel"]
[Result "0-1"]
[WhiteElo "1890"]
[BlackElo "2339"]
[PlyCount "66"]
[EventDate "2019.07.04"]
[EventType "swiss"]
[EventRounds "9"]
[EventCountry "ESP"]
[SourceTitle "CBM 191 Extra"]
[Source "ChessBase"]
[SourceDate "2019.09.30"]
[SourceVersion "1"]
[SourceVersionDate "2019.09.30"]
[SourceQuality "1"]

1. d4 Nf6 2. Bg5 e6 3. e4 h6 4. Bxf6 Qxf6 5. Nf3 d6 6. c4 Nd7 7. Nc3 a6 8. Be2 g5 9. h3 Bg7 10. 0-0 h5 11. e5 dxe5 12. Ne4 Qh6 13. dxe5 g4 14. Nfg5 Nxe5 15. h4 f6 16. f4 gxf3 17. Nxf3 Qe3+ 18. Nf2 Ng4 19. Nh2 f5 20. Nf3 Bd7 21. Ng5 Bd4 22. Ngh3 c5 23. Bf3 Qe5 24. Re1 Qg3 25. Qc2 0-0-0 26. Rad1 Ne5 27. Qb3 Nxf3+ 28. Qxf3 Qxh4 29. Qf4 Qf6 30. Kf1 e5 31. Qg5 Qf7 32. Qh4 Rhg8 33. Nd3 Rg4 0-1

[Event "Foment Martinenc op-A 21st"]
[Site "Barcelona"]
[Date "2019.06.08"]
[Round "7"]
[White "Bes Alvarez, Alex"]
[Black "Mir Vinas, Pau Jose"]
[Result "1-0"]
[WhiteElo "1914"]
[BlackElo "1805"]
[PlyCount "84"]
[EventDate "2019.04.27"]
[EventType "swiss"]
[EventRounds "9"]
[EventCountry "ESP"]
[SourceTitle "EXT 2020"]
[Source "ChessBase"]
[SourceDate "2019.10.17"]
[SourceVersion "1"]
[SourceVersionDate "2019.10.17"]
[SourceQuality "1"]

1. d4 Nf6 2. Nf3 e6 3. g3 c5 4. Bg2 cxd4 5. Nxd4 Nc6 6. 0-0 Bc5 7. Nb3 Be7 8. c4 0-0 9. Nc3 d6 10. Bf4 e5 11. Bg5 Be6 12. Bxf6 Bxf6 13. Nd5 Be7 14. e3 f5 15. Re1 Rc8 16. Rc1 a5 17. a3 a4 18. Nd2 e4 19. Nf4 Bf7 20. Qxa4 Ne5 21. Bf1 g5 22. Nd5 Bh5 23. Qb5 Bf3 24. Qxb7 Rf7 25. Nxe7+ Rxe7 26. Qd5+ Kg7 27. Be2 g4 28. Nxf3 gxf3 29. Bf1 Kf6 30. Red1 Rd7 31. a4 h5 32. h4 Qf8 33. b4 Qg7 34. Bh3 Rg8 35. Kh2 Ng4+ 36. Bxg4 Qxg4 37. Rg1 Ke7 38. a5 Rg6 39. a6 Re6 40. Rcd1 Kf7 41. b5 Rde7 42. b6 f4 1-0

[Event "Foment Martinenc op-A 21st"]
[Site "Barcelona"]
[Date "2019.05.25"]
[Round "5"]
[White "Bes Alvarez, Alex"]
[Black "Vivancos Munoz, Manuel"]
[Result "0-1"]
[WhiteElo "1914"]
[BlackElo "1803"]
[PlyCount "56"]
[EventDate "2019.04.27"]
[EventType "swiss"]
[EventRounds "9"]
[EventCountry "ESP"]
[SourceTitle "EXT 2020"]
[Source "ChessBase"]
[SourceDate "2019.10.17"]
[SourceVersion "1"]
[SourceVersionDate "2019.10.17"]
[SourceQuality "1"]

1. d4 Nf6 2. Bg5 Ne4 3. Bh4 g5 4. f3 gxh4 5. fxe4 Bg7 6. e3 d6 7. Nd2 e5 8. c3 Qg5 9. Kf2 exd4 10. exd4 Bh6 11. Ke1 Nc6 12. Ngf3 Qf4 13. Bc4 Bg4 14. Qe2 0-0-0 15. h3 Bxf3 16. Nxf3 Rde8 17. Kd1 Rxe4 18. Qd2 Re3 19. Qf2 Rhe8 20. Rf1 Na5 21. b3 Nxc4 22. bxc4 Rxc3 23. Re1 Rxe1+ 24. Qxe1 Rd3+ 25. Kc2 Re3 26. Qa5 Qe4+ 27. Kb2 Re2+ 28. Ka3 Qd3+ 0-1

[Event "Foment Martinenc op-A 20th"]
[Site "Barcelona"]
[Date "2018.05.12"]
[Round "4"]
[White "Bes Alvarez, Alex"]
[Black "Aguadero Casado, Jorge Ignacio"]
[Result "1-0"]
[WhiteElo "1780"]
[BlackElo "1659"]
[PlyCount "83"]
[EventDate "2018.04.21"]
[EventType "swiss"]
[EventRounds "9"]
[EventCountry "ESP"]
[SourceTitle "CBM 184 Extra"]
[Source "ChessBase"]
[SourceDate "2018.06.28"]
[SourceVersion "1"]
[SourceVersionDate "2018.06.28"]
[SourceQuality "1"]

1. d4 c6 2. Nf3 d5 3. g3 Nf6 4. Bg2 Bf5 5. 0-0 e6 6. Nbd2 c5 7. c4 Nbd7 8. cxd5 exd5 9. Nh4 Bg6 10. Nxg6 hxg6 11. e4 dxe4 12. Nxe4 Nxe4 13. Bxe4 Qb6 14. Qf3 0-0-0 15. dxc5 Bxc5 16. b4 Bd4 17. Bf4 Ne5 18. Rac1+ Kb8 19. a4 f5 20. Bd5 Ka8 21. Bxe5 Bxe5 22. a5 Qb5 23. Rc5 Qxb4 24. Bxb7+ Qxb7 25. Qxb7+ Kxb7 26. Rxe5 Rhe8 27. Rb1+ Kc6 28. Rc1+ Kb7 29. Rb5+ Ka6 30. Rbc5 Re2 31. Rc6+ Kxa5 32. Rxg6 Rdd2 33. Rc5+ Kb4 34. Rxf5 a5 35. Rg4+ Kb3 36. Rf3+ Kc2 37. Rxg7 Kd1 38. Ra7 Ra2 39. Rf5 a4 40. Rf4 a3 41. Rf3 Rab2 42. Raxa3 1-0

[Event "Barcelona Sant Marti op-B 19th"]
[Site "Barcelona"]
[Date "2017.07.14"]
[Round "2"]
[White "Bes Alvarez, Alex"]
[Black "Walter Travella, German"]
[Result "1-0"]
[WhiteElo "1620"]
[BlackElo "1892"]
[PlyCount "97"]
[EventDate "2017.07.13"]
[EventType "swiss"]
[EventRounds "9"]
[EventCountry "ESP"]
[SourceTitle "EXT 2018"]
[Source "ChessBase"]
[SourceDate "2017.10.13"]
[SourceVersion "1"]
[SourceVersionDate "2017.10.13"]
[SourceQuality "1"]

1. d4 d5 2. Nf3 Nf6 3. g3 c5 4. dxc5 e6 5. Bg2 Bxc5 6. 0-0 Nc6 7. c4 0-0 8. Bg5 h6 9. Bxf6 Qxf6 10. cxd5 Qxb2 11. Nbd2 exd5 12. Nb3 Bb6 13. e3 Be6 14. Qd3 Nb4 15. Qd2 Qa3 16. Nfd4 Bd7 17. Ne2 Bb5 18. Rfd1 Rfe8 19. Nc3 Bc4 20. Bxd5 Nxd5 21. Nxd5 Rad8 22. Qb4 Qxb4 23. Nxb4 a5 24. Nc2 Bd3 25. Nbd4 Be4 26. Kf1 Rc8 27. Na3 Bxd4 28. Rxd4 Rc3 29. Ra4 b6 30. Ke1 g5 31. Nb5 Rd3 32. Rc1 Bf3 33. Rd4 Rd8 34. Rxd8+ Rxd8 35. Nd4 Bd5 36. a3 g4 37. Rb1 Rb8 38. Kd2 Kf8 39. Kd3 h5 40. Rb5 Bb7 41. Rxh5 Ba6+ 42. Kd2 Rd8 43. Rh6 Kg7 44. Rxb6 Bc8 45. Rb5 Rh8 46. Rxa5 Rxh2 47. Ke2 Kg6 48. Ra8 Bb7 49. Rg8+ 1-0

[Event "Barcelona Sant Marti op-B 19th"]
[Site "Barcelona"]
[Date "2017.07.13"]
[Round "1"]
[White "Gonzalez Lafita, Oscar"]
[Black "Bes Alvarez, Alex"]
[Result "1/2-1/2"]
[WhiteElo "1867"]
[BlackElo "1620"]
[PlyCount "78"]
[EventDate "2017.07.13"]
[EventType "swiss"]
[EventRounds "9"]
[EventCountry "ESP"]
[SourceTitle "EXT 2018"]
[Source "ChessBase"]
[SourceDate "2017.10.13"]
[SourceVersion "1"]
[SourceVersionDate "2017.10.13"]
[SourceQuality "1"]

1. d4 d5 2. Nf3 Nf6 3. c4 e6 4. g3 Be7 5. Nc3 0-0 6. Bg2 b6 7. 0-0 Bb7 8. Ne5 c5 9. e3 cxd4 10. exd4 Qc7 11. Bf4 Qc8 12. cxd5 Nxd5 13. Nxd5 Bxd5 14. Bxd5 exd5 15. Rc1 Qb7 16. Qb3 Bd6 17. Rc2 Bxe5 18. dxe5 Na6 19. Rfc1 h6 20. Rc6 Rfd8 21. Qb5 d4 22. a4 d3 23. Bd2 Rac8 24. Rxc8 Rxc8 25. Rxc8+ Qxc8 26. Qxd3 Nc5 27. Qc4 Qd7 28. Be3 Nxa4 29. Bd4 b5 30. Qb4 a5 31. Qd6 Qc8 32. b3 Nc3 33. Bxc3 Qxc3 34. Qb8+ Kh7 35. Qxb5 Qe1+ 36. Kg2 Qe4+ 37. f3 Qc2+ 38. Kg1 Qd1+ 39. Kf2 Qd4+ 1/2-1/2

[Event "Salou op"]
[Site "Salou"]
[Date "2017.04.30"]
[Round "4"]
[White "Bes Alvarez, Alex"]
[Black "Draghici Flutur, Gavril"]
[Result "0-1"]
[WhiteElo "1735"]
[BlackElo "2152"]
[PlyCount "50"]
[EventDate "2017.04.29"]
[EventType "swiss"]
[EventRounds "6"]
[EventCountry "ESP"]
[SourceTitle "CBM 178 Extra"]
[Source "ChessBase"]
[SourceDate "2017.06.22"]
[SourceVersion "1"]
[SourceVersionDate "2017.06.22"]
[SourceQuality "1"]

1. d4 d5 2. Nf3 Nf6 3. g3 c5 4. Bg2 cxd4 5. Qxd4 Nc6 6. Qd1 e5 7. 0-0 Be7 8. e3 0-0 9. b3 Bg4 10. Qe1 Qd7 11. Bb2 Qf5 12. Nh4 Qxc2 13. Qc1 Nb4 14. Nd2 Rac8 15. Bxe5 Qd3 16. Nc4 dxc4 17. Qc3 cxb3 18. Qxb3 Be2 19. Rfc1 Qxb3 20. axb3 Nd3 21. Rxc8 Rxc8 22. Bd4 b6 23. Nf5 Bf8 24. h3 Rc1+ 25. Rxc1 Nxc1 0-1

[Event "Barcelona Paredes Memorial 19th"]
[Site "Barcelona"]
[Date "2017.04.22"]
[Round "1"]
[White "Bes Alvarez, Alex"]
[Black "Marzo Pie, Xavier"]
[Result "0-1"]
[WhiteElo "1735"]
[BlackElo "1978"]
[PlyCount "86"]
[EventDate "2017.04.22"]
[EventType "swiss"]
[EventRounds "9"]
[EventCountry "ESP"]
[SourceTitle "EXT 2018"]
[Source "ChessBase"]
[SourceDate "2017.10.13"]
[SourceVersion "1"]
[SourceVersionDate "2017.10.13"]
[SourceQuality "1"]

1. d4 g6 2. c4 Bg7 3. Nc3 d6 4. e4 Nc6 5. Nf3 Bg4 6. Be3 e5 7. d5 Nd4 8. Be2 Bxf3 9. Bxf3 Ne7 10. Bxd4 exd4 11. Nb5 c6 12. Nxd4 Qa5+ 13. Kf1 Qc5 14. Ne2 0-0 15. dxc6 Nxc6 16. Qd5 Bxb2 17. Rb1 Qa3 18. Qd2 Bg7 19. Rb3 Qa6 20. Qc2 Na5 21. Rb5 Rac8 22. Qa4 b6 23. Rb4 Rxc4 24. Rxc4 Qxc4 25. Qxc4 Nxc4 26. Ke1 Rc8 27. Kd1 Nb2+ 28. Kd2 Bh6+ 29. Ke1 Nd3+ 30. Kf1 Rc2 31. g3 Bd2 32. Kg2 Ne1+ 33. Rxe1 Bxe1 34. Kf1 Bb4 35. Nd4 Rxa2 36. Nc6 Bc5 37. Be2 a5 38. Ne7+ Kf8 39. Nd5 a4 40. Nc3 Ra1+ 41. Kg2 a3 42. Nb5 Ra2 43. Bc4 Rxf2+ 0-1

[Event "Barcelona Tres Peons-C 45th"]
[Site "Barcelona"]
[Date "2016.06.10"]
[Round "9.2"]
[White "Moreno Oller, Victor"]
[Black "Bes Alvarez, Alex"]
[Result "0-1"]
[WhiteElo "1436"]
[BlackElo "1193"]
[PlyCount "62"]
[EventDate "2016.04.15"]
[EventType "swiss"]
[EventRounds "9"]
[EventCountry "ESP"]
[SourceTitle "EXT 2024"]
[Source "ChessBase"]
[SourceDate "2023.10.10"]
[SourceVersion "1"]
[SourceVersionDate "2023.10.10"]
[SourceQuality "1"]

1. Nf3 c5 2. g3 Nf6 3. Bg2 g6 4. 0-0 Bg7 5. d3 Nc6 6. e4 d6 7. Be3 0-0 8. e5 Ng4 9. d4 Nxe3 10. fxe3 dxe5 11. dxe5 Nxe5 12. Nxe5 Qxd1 13. Rxd1 Bxe5 14. Nc3 Bg4 15. Rd5 Bd6 16. Nb5 Be6 17. Rdd1 Rfd8 18. Bxb7 Rab8 19. Nxd6 exd6 20. Bd5 Rxb2 21. Bxe6 fxe6 22. c4 Rc2 23. Rdc1 Rxc1+ 24. Rxc1 Rb8 25. Rd1 Rb6 26. e4 Kf7 27. h4 Ke7 28. g4 Rb2 29. h5 Rxa2 30. hxg6 hxg6 31. Rc1 Re2 0-1

[Event "Foment Martinenc op-B 18th"]
[Site "Barcelona"]
[Date "2016.05.21"]
[Round "5"]
[White "Bes Alvarez, Alex"]
[Black "Maqueda Berdugo, Francisco"]
[Result "1-0"]
[WhiteElo "1193"]
[BlackElo "1682"]
[PlyCount "69"]
[EventDate "2016.04.23"]
[EventType "swiss"]
[EventRounds "9"]
[EventCountry "ESP"]
[SourceTitle "EXT 2017"]
[Source "ChessBase"]
[SourceDate "2016.10.25"]
[SourceVersion "1"]
[SourceVersionDate "2016.10.25"]
[SourceQuality "1"]

1. d4 d5 2. c4 e6 3. Nc3 Nf6 4. Bg5 Be7 5. Nf3 h6 6. Bxf6 Bxf6 7. e3 0-0 8. cxd5 exd5 9. Bd3 c6 10. 0-0 Re8 11. b4 a6 12. a4 Qd6 13. Qb3 Bg4 14. Nd2 Nd7 15. b5 Be6 16. Rfc1 cxb5 17. axb5 a5 18. Ra2 b6 19. Na4 Rec8 20. Rac2 Nf8 21. Rc6 Rxc6 22. Rxc6 Qb4 23. Nxb6 Qxb3 24. Nxb3 Ra7 25. Na4 Bd7 26. Ra6 Rxa6 27. bxa6 Bxa4 28. Nxa5 Nd7 29. a7 Nb6 30. Ba6 Kf8 31. Bb7 Bd8 32. Bxd5 Ke7 33. Nc4 Na8 34. Bxa8 Bb5 35. Bd5 1-0

[Event "Barcelona-C 1st"]
[Site "Barcelona"]
[Date "2015.12.05"]
[Round "2"]
[White "Catala Ulied, Guillem"]
[Black "Bes Alvarez, Alex"]
[Result "1-0"]
[WhiteElo "1462"]
[BlackElo "1159"]
[PlyCount "91"]
[EventDate "2015.12.05"]
[EventType "tourn"]
[EventRounds "9"]
[EventCountry "ESP"]
[SourceTitle "EXT 2024"]
[Source "ChessBase"]
[SourceDate "2023.10.10"]
[SourceVersion "1"]
[SourceVersionDate "2023.10.10"]
[SourceQuality "1"]

1. e4 c5 2. Nf3 d6 3. d4 cxd4 4. Nxd4 Nf6 5. Nc3 g6 6. Be3 Bg7 7. f3 0-0 8. Bc4 Nc6 9. Qd2 Bd7 10. 0-0-0 Rb8 11. Kb1 Nxd4 12. Bxd4 b5 13. Bb3 a5 14. e5 Ne8 15. Rhe1 a4 16. exd6 Nxd6 17. Bd5 b4 18. Bxg7 Kxg7 19. Ne4 Bb5 20. Qxb4 Kg8 21. Qa3 Nxe4 22. Bxf7+ Rxf7 23. Rxd8+ Rxd8 24. fxe4 Rf1 25. Rxf1 Bxf1 26. c3 Bd3+ 27. Kc1 Kf8 28. Qxa4 Be2 29. b4 Bf1 30. b5 Rb8 31. c4 Rc8 32. b6 Rb8 33. Qa7 Rc8 34. b7 Rxc4+ 35. Kd2 Rb4 36. b8Q+ Rxb8 37. Qxb8+ Kg7 38. g3 Bg2 39. e5 Bd5 40. a4 Kf7 41. a5 e6 42. a6 Kg7 43. a7 Kh6 44. h3 Kg5 45. Qd8+ Kf5 46. Qf6+ 1-0

[Event "Barcelona-ch U12"]
[Site "Barcelona"]
[Date "2015.11.06"]
[Round "1.1"]
[White "Masague Artero, Guerau"]
[Black "Bes Alvarez, Alex"]
[Result "1-0"]
[WhiteElo "1682"]
[BlackElo "1132"]
[PlyCount "57"]
[EventDate "2015.11.06"]
[EventType "swiss"]
[EventRounds "5"]
[EventCountry "ESP"]
[SourceTitle "EXT 2024"]
[Source "ChessBase"]
[SourceDate "2023.10.10"]
[SourceVersion "1"]
[SourceVersionDate "2023.10.10"]
[SourceQuality "1"]

1. d4 Nf6 2. c4 e6 3. Nc3 d5 4. cxd5 Nxd5 5. e4 Nxc3 6. bxc3 Be7 7. Nf3 0-0 8. Bd3 b6 9. Qe2 Bb7 10. 0-0 c5 11. Be3 Qc7 12. Rfd1 c4 13. Bc2 Nd7 14. e5 Rfd8 15. Ng5 f5 16. Nxe6 Qc6 17. d5 Qc8 18. Nxd8 Qxd8 19. d6 Bg5 20. Qxc4+ Kh8 21. Bd4 Bd2 22. Qd3 Qg5 23. Qg3 Re8 24. Qxg5 Bxg5 25. Ba4 Bc8 26. Re1 Re6 27. Bb3 Rh6 28. e6 Nb8 29. e7 1-0